Catálogo
 En Linea

Anécdotas y poesías satíricas de Miguel Antonio Caro / (Registro nro. 10308)

Detalles MARC
000 -CABECERA
campo de control de longitud fija 01308cam a2200301 a 4500
001 - NÚMERO DE CONTROL
campo de control 000010550
005 - FECHA Y HORA DE LA ÚLTIMA TRANSACCIÓN
campo de control 20200929162240.0
008 - DATOS DE LONGITUD FIJA--INFORMACIÓN GENERAL
campo de control de longitud fija 890213s1988 ck b 001 0bspa
035 ## - NÚMERO DE CONTROL DEL SISTEMA
Número de control de sistema (DLC) 89113550
040 ## - FUENTE DE LA CATALOGACIÓN
Centro catalogador/agencia de origen DO-SdBNP
Lengua de catalogación spa
Centro/agencia transcriptor DLC
Centro/agencia modificador BNPHU
082 ## - NÚMERO DE LA CLASIFICACIÓN DECIMAL DEWEY
Número de clasificación 861.4
Número de documento/Ítem A578
049 ## - FONDOS LOCALES (OCLC)
Fondos de biblioteca BNGR
245 00 - MENCIÓN DE TÍTULO
Título Anécdotas y poesías satíricas de Miguel Antonio Caro /
Mención de responsabilidad, etc. edición, introducción y notas de Guillermo Hernández Penalosa.
260 ## - PUBLICACIÓN, DISTRIBUCIÓN, ETC.
Lugar de publicación, distribución, etc. Bogotá, (Colombia) :
Nombre del editor, distribuidor, etc. Instituto Caro y Cuervo,
Fecha de publicación, distribución, etc. 1988.
300 ## - DESCRIPCIÓN FÍSICA
Extensión 299 p. ;
Dimensiones 21 cm.
490 1# - MENCIÓN DE SERIE
Mención de serie "La Granada entreabierta"
Designación de volumen o secuencia 47
500 ## - NOTA GENERAL
Nota general Contains anecdotes by various authors and an anthology of poems by Miguel Antonio Caro.
504 ## - NOTA DE BIBLIOGRAFÍA, ETC.
Nota de bibliografía, etc. Incluye referencias bibliográficas y notas al pie de las páginas.
650 #4 - PUNTO DE ACCESO ADICIONAL DE MATERIA--TÉRMINO DE MATERIA
Término de materia o nombre geográfico como elemento de entrada Poesía colombiana
9 (RLIN) 3742
650 #4 - PUNTO DE ACCESO ADICIONAL DE MATERIA--TÉRMINO DE MATERIA
Término de materia o nombre geográfico como elemento de entrada Sátira colombiana
9 (RLIN) 25587
650 #4 - PUNTO DE ACCESO ADICIONAL DE MATERIA--TÉRMINO DE MATERIA
Término de materia o nombre geográfico como elemento de entrada Literatura colombiana
9 (RLIN) 1244
600 14 - PUNTO DE ACCESO ADICIONAL DE MATERIA--NOMBRE DE PERSONA
Nombre de persona CARO, MIGUEL ANTONIO,
Fechas asociadas al nombre 1843-1909
Subdivisión general ANÉCDOTAS, CHISTES, SÁTIRAS, ETC...
-- CRÍTICA E INTERPRETACIÓN
9 (RLIN) 25588
650 #4 - PUNTO DE ACCESO ADICIONAL DE MATERIA--TÉRMINO DE MATERIA
Término de materia o nombre geográfico como elemento de entrada Autores colombianos
Subdivisión cronológica SIGLO XIX
Subdivisión general Anécdotas
9 (RLIN) 25589
700 1# - PUNTO DE ACCESO ADICIONAL--NOMBRE DE PERSONA
Nombre de persona Hernández Peñalosa, Guillermo,
Término indicativo de función/relación ed.
9 (RLIN) 6258
700 1# - PUNTO DE ACCESO ADICIONAL--NOMBRE DE PERSONA
Nombre de persona Caro, Miguel Antonio,
Fechas asociadas al nombre 1843-1909.
Título de la obra POEMAS
Fecha de publicación/de la obra 1988.
9 (RLIN) 25590
830 #0 - PUNTO DE ACCESO ADICIONAL DE SERIE-TÍTULO UNIFORME
Título uniforme "La Granada entreabierta" ;
Designación de volumen o secuencia 47
9 (RLIN) 14721
910 ## - DATOS DE OPCIÓN DEL USUARIO (OCLC)
Datos de opción del usuario Catalogación por copia / LC
Existencias
Estado de retiro Estado de pérdida Restricciones de uso No para préstamo Código de colección Localización permanente Ubicación/localización actual Ubicación en estantería Fecha de adquisición Número de inventario Total de préstamos Signatura topográfica completa Código de barras Fecha visto por última vez Precio válido a partir de Tipo de ítem Koha
    Préstamo interno   Monografías: Libros y Folletos General General En catalogación 07.10.2009 LF1   861.4 A578 10550-10 25.06.2020 25.06.2020 Préstamo interno

Con tecnología Koha